000 00379nam a2200157Ia 4500
003 Ost
005 20260225132554.0
008 260225s9999||||xx |||||||||||||| ||und||
040 _cfsic
041 _afre
082 _a440
100 _aInstitut Alain
_eAuteur
245 0 _aAlain dans ces oeuvres et son journalisme politique /
245 0 _cInstitut Alain
942 _cكتاب
999 _c34363
_d34363